000 00362nam a2200157Ia 4500
003 Ost
005 20260225132538.0
008 260225s9999||||xx |||||||||||||| ||und||
040 _cfsic
041 _afre
082 _a303.48
100 _aDaniel parrachia
_eAuteur
245 0 _aLa philosophie des réseaux /
245 0 _cDaniel parrachia
942 _cكتاب
999 _c33344
_d33344